[Event "ZI-2011-0-01082"]
[Site "LSS email"]
[Date "2011.09.07"]
[Round "?"]
[White "Dehaybe, Andre"]
[Black "Shleb, Alex"]
[Result "1/2-1/2"]
[WhiteElo "2054"]
[BlackElo "1738"]
[PlyCount "73"]
[EventDate "2011.09.02"]
[EventType "match (corr)"]
[EventRounds "2"]
[EventCountry "GER"]
[SourceTitle "Telechess CBM 149"]
[Source "ChessBase"]
[SourceDate "2012.07.17"]
[SourceVersion "1"]
[SourceVersionDate "2012.07.17"]
[SourceQuality "1"]

1. d4 d5 2. Nc3 e6 3. Bf4 Nf6 4. e3 Bb4 5. Bd3 0-0 6. Nge2 c5 7. a3 Bxc3+ 8. Nxc3 cxd4 9. exd4 Nc6 10. 0-0 Nxd4 11. Bxh7+ Nxh7 12. Qxd4 f6 13. Be3 Ng5 14. f4 Nf7 15. f5 Re8 16. Rae1 a6 17. fxe6 Bxe6 18. Na4 Qc7 19. Bf4 Qxc2 20. Nc5 Bg4 21. Nxb7 Qc6 22. Rxe8+ Rxe8 23. Nc5 Nd8 24. h3 Bh5 25. Rc1 Ne6 26. Nxe6 Qxe6 27. Bd2 Qe5 28. Qxe5 fxe5 29. Rc5 d4 30. Bf4 exf4 31. Rxh5 d3 32. Rd5 Re3 33. Kf2 g6 34. Ra5 Kf7 35. Rxa6 g5 36. Rd6 Ke7 37. Rd4 1/2-1/2

[Event "BI-2011-P-00022"]
[Site "LSS email"]
[Date "2011.04.17"]
[Round "?"]
[White "Avellan, Gerardo"]
[Black "Shleb, Alex"]
[Result "1/2-1/2"]
[WhiteElo "2068"]
[BlackElo "1744"]
[PlyCount "71"]
[EventDate "2011.04.20"]
[EventType "tourn (corr)"]
[EventRounds "10"]
[EventCountry "GER"]
[SourceTitle "Telechess CBM 157"]
[Source "ChessBase"]
[SourceDate "2013.11.12"]
[SourceVersion "1"]
[SourceVersionDate "2013.11.12"]
[SourceQuality "1"]

1. d4 d5 2. c4 e6 3. Nc3 Nf6 4. Nf3 Bb4 5. e3 0-0 6. Bd2 b6 7. cxd5 exd5 8. Be2 c5 9. Rc1 Bb7 10. 0-0 Nbd7 11. Qc2 Qe7 12. Rfd1 Rac8 13. a3 Bxc3 14. Bxc3 Ne4 15. Nd2 Nxc3 16. Qxc3 Rfd8 17. dxc5 bxc5 18. Qa5 d4 19. Qxa7 Ne5 20. e4 d3 21. Bf1 Rc6 22. Qa4 Ra8 23. Qb3 Ba6 24. Qc3 c4 25. b3 Rf6 26. Qa5 cxb3 27. Nxb3 Rd6 28. Rc7 Qf6 29. Nd2 h6 30. h3 Rb8 31. Rc5 Re6 32. Rb1 Rxb1 33. Nxb1 Qf4 34. Nd2 h5 35. Qc3 g5 36. Qb4 1/2-1/2

[Event "BI-2011-P-00022"]
[Site "LSS email"]
[Date "2011.04.17"]
[Round "?"]
[White "Shleb, Alex"]
[Black "Parente, Antonio Manuel Peix"]
[Result "1-0"]
[WhiteElo "1744"]
[BlackElo "659"]
[PlyCount "39"]
[EventDate "2011.04.20"]
[EventType "tourn (corr)"]
[EventRounds "10"]
[EventCountry "GER"]
[SourceTitle "Telechess CBM 157"]
[Source "ChessBase"]
[SourceDate "2013.11.12"]
[SourceVersion "1"]
[SourceVersionDate "2013.11.12"]
[SourceQuality "1"]

1. e4 d6 2. d4 Nf6 3. Nc3 g6 4. Nf3 Nc6 5. Be2 Bg7 6. d5 Ne5 7. Nxe5 0-0 8. Nf3 c6 9. 0-0 cxd5 10. exd5 e6 11. dxe6 fxe6 12. Bf4 Qb6 13. Rb1 e5 14. Be3 Qc7 15. h3 a6 16. Nd5 Nxd5 17. Qxd5+ Kh8 18. c3 Re8 19. Ng5 h6 20. Nf7+ 1-0

[Event "OP-2011-0-01436"]
[Site "LSS email"]
[Date "2011.03.11"]
[Round "?"]
[White "Sukhorskij, Vladimir Stanislavo"]
[Black "Shleb, Alex"]
[Result "1/2-1/2"]
[WhiteElo "747"]
[BlackElo "1632"]
[PlyCount "127"]
[EventDate "2011.03.05"]
[EventType "tourn (corr)"]
[EventRounds "4"]
[EventCountry "GER"]
[SourceTitle "Telechess CBM 147"]
[Source "ChessBase"]
[SourceDate "2012.03.16"]
[SourceVersion "1"]
[SourceVersionDate "2012.03.16"]
[SourceQuality "1"]

1. e4 c5 2. Nf3 d6 3. d4 cxd4 4. Nxd4 Nf6 5. Nc3 a6 6. Be3 e5 7. Nb3 Be6 8. f3 Nbd7 9. Qd2 Be7 10. g4 h6 11. 0-0-0 b5 12. h4 Nb6 13. Qf2 Nfd7 14. Kb1 Rb8 15. Nd5 Nc4 16. Bc1 Rc8 17. Rh2 Bxd5 18. exd5 Qb6 19. Qe1 Kf8 20. Rh3 Nf6 21. g5 Nh5 22. g6 Bf6 23. gxf7 Kxf7 24. Rh2 Rc7 25. Bd3 Rd8 26. Bf5 Kf8 27. Re2 Nf4 28. Re4 g6 29. Bxf4 gxf5 30. Bxh6+ Bg7 31. Bg5 Rdc8 32. Re2 Rf7 33. h5 e4 34. Be3 Nxe3 35. Rxe3 Qc7 36. c3 b4 37. Nd4 Bxd4 38. Rxd4 a5 39. fxe4 f4 40. Rf3 bxc3 41. Rxc3 Qd7 42. Rf3 Qg4 43. Qh1 Qg7 44. Rd1 Qe5 45. Rf2 Kg8 46. Rg1+ Kh8 47. Qf3 Re8 48. Re1 Rb8 49. Rg1 Rb4 50. Re2 a4 51. Rg6 Qd4 52. Rc2 Kh7 53. Rxd6 Qg1+ 54. Rc1 Rxb2+ 55. Kxb2 Rb7+ 56. Kc2 Qc5+ 57. Qc3 Qxd6 58. Kd3 Rg7 59. Qc8 Qa3+ 60. Kd4 Qb2+ 61. Rc3 Qb6+ 62. Qc5 Qb2 63. Qa3 Qb6+ 64. Qc5 1/2-1/2

[Event "OP-2011-0-01427"]
[Site "LSS email"]
[Date "2011.03.02"]
[Round "?"]
[White "Shleb, Alex"]
[Black "Souply, Yves"]
[Result "1-0"]
[WhiteElo "1608"]
[BlackElo "1542"]
[PlyCount "41"]
[EventDate "2011.02.27"]
[EventType "tourn (corr)"]
[EventRounds "4"]
[EventCountry "GER"]
[SourceTitle "Telechess CBM 145"]
[Source "Chessbase"]
[SourceDate "2011.11.11"]
[SourceVersion "1"]
[SourceVersionDate "2011.11.11"]
[SourceQuality "1"]

1. e4 c5 2. Nf3 d6 3. d4 cxd4 4. Nxd4 Nf6 5. Nc3 a6 6. Be3 e6 7. f3 b5 8. g4 h6 9. Qd2 Nbd7 10. 0-0-0 Bb7 11. h4 b4 12. Na4 Qa5 13. b3 Nc5 14. a3 Nxa4 15. axb4 Qc7 16. bxa4 d5 17. e5 Nd7 18. f4 Nb6 19. Rh3 Nxa4 20. Bf2 Rc8 21. c4 1-0

[Event "SD-2011-0-00086"]
[Site "LSS email"]
[Date "2011.02.20"]
[Round "?"]
[White "Egorov, Vladimir Alekseevic"]
[Black "Shleb, Alex"]
[Result "1/2-1/2"]
[WhiteElo "2020"]
[BlackElo "1636"]
[PlyCount "126"]
[EventDate "2011.01.25"]
[EventType "tourn (corr)"]
[EventRounds "6"]
[EventCountry "GER"]
[SourceTitle "Telechess CBM 147"]
[Source "ChessBase"]
[SourceDate "2012.03.16"]
[SourceVersion "1"]
[SourceVersionDate "2012.03.16"]
[SourceQuality "1"]

1. d4 Nf6 2. c4 g6 3. Nc3 Bg7 4. e4 d6 5. Be2 0-0 6. Bg5 c5 7. d5 h6 8. Be3 e6 9. Nf3 exd5 10. cxd5 Nbd7 11. Nd2 Re8 12. 0-0 b6 13. a4 a6 14. Ra3 Rb8 15. Rb3 Nh7 16. f3 f5 17. Bf2 f4 18. Nc4 Ne5 19. Qd2 g5 20. Nxe5 Bxe5 21. Bc4 g4 22. fxg4 Qg5 23. Ne2 Rf8 24. h3 h5 25. h4 Qxg4 26. Rf3 b5 27. axb5 axb5 28. Bd3 c4 29. Bc2 Rb7 30. Be1 b4 31. Bd1 Rbf7 32. Nd4 Qg6 33. Nc6 Nf6 34. Qe2 Nxe4 35. Bxb4 Ng3 36. Qxc4 Nxf1 37. Nxe5 dxe5 38. Rxf1 Ba6 39. Bxh5 Bxc4 40. Bxg6 Bxf1 41. Bxf7+ Rxf7 42. Kxf1 Kg7 43. d6 Kf6 44. Bc5 Kf5 45. Kf2 Rg7 46. h5 Ke6 47. h6 Rg5 48. h7 Rh5 49. g3 fxg3+ 50. Kxg3 Rxh7 51. Kf3 Rh3+ 52. Ke4 Rb3 53. Ba3 Rb8 54. Ke3 Kd5 55. Kd3 Rb7 56. Kc3 e4 57. Kd2 Kd4 58. b4 Ra7 59. Bb2+ Kd5 60. Ke3 Rf7 61. Ke2 Kxd6 62. Bd4 Kd5 63. Be3 Rb7 1/2-1/2

[Event "SD-2011-0-00086"]
[Site "LSS email"]
[Date "2011.02.20"]
[Round "?"]
[White "Shleb, Alex"]
[Black "Grimm, Wolfgang"]
[Result "1-0"]
[WhiteElo "1636"]
[BlackElo "1359"]
[PlyCount "43"]
[EventDate "2011.01.25"]
[EventType "tourn (corr)"]
[EventRounds "6"]
[EventCountry "GER"]
[SourceTitle "Telechess CBM 147"]
[Source "ChessBase"]
[SourceDate "2012.03.16"]
[SourceVersion "1"]
[SourceVersionDate "2012.03.16"]
[SourceQuality "1"]

1. e4 Nc6 2. d4 d5 3. e5 Bf5 4. Ne2 e6 5. Ng3 Bg6 6. h4 f6 7. h5 Bf7 8. f4 Qd7 9. Be3 0-0-0 10. Nc3 g5 11. Bb5 gxf4 12. Bxf4 a6 13. Bxc6 Qxc6 14. exf6 Ba3 15. Nce2 Bxb2 16. Rb1 Bc3+ 17. Bd2 Bxd2+ 18. Qxd2 Rf8 19. 0-0 Be8 20. Qg5 Qd7 21. f7 Rxf7 22. Qe5 1-0

[Event "OP-2011-0-01389"]
[Site "LSS email"]
[Date "2011.01.30"]
[Round "?"]
[White "Fuller, Christopher"]
[Black "Shleb, Alex"]
[Result "0-1"]
[WhiteElo "876"]
[BlackElo "1595"]
[PlyCount "92"]
[EventDate "2011.01.24"]
[EventType "tourn (corr)"]
[EventRounds "4"]
[EventCountry "GER"]
[SourceTitle "Telechess CBM 145"]
[Source "Chessbase"]
[SourceDate "2011.11.11"]
[SourceVersion "1"]
[SourceVersionDate "2011.11.11"]
[SourceQuality "1"]

1. d4 Nf6 2. Nf3 e6 3. Be3 d5 4. Nc3 Bb4 5. Qd3 Nc6 6. 0-0-0 0-0 7. a3 Bxc3 8. bxc3 Na5 9. Nd2 Qd6 10. g3 Qxa3+ 11. Kb1 Ne4 12. Nxe4 dxe4 13. Qxe4 Nc4 14. Bc1 Qa6 15. e3 Qb6+ 16. Ka2 Qa6+ 17. Kb1 b5 18. Qxa8 Bb7 19. Qxf8+ Kxf8 20. Rg1 Bd5 21. Bxc4 Bxc4 22. Bb2 Qa2+ 23. Kc1 a5 24. e4 c6 25. d5 cxd5 26. exd5 exd5 27. Rge1 a4 28. Re3 a3 29. Bxa3+ Qxa3+ 30. Kd2 Qb2 31. Rde1 g5 32. Re8+ Kg7 33. R8e5 h6 34. h4 b4 35. cxb4 Bb3 36. hxg5 Bxc2 37. gxh6+ Kxh6 38. Rxd5 Bb3+ 39. Kd3 Bxd5 40. f4 Qxb4 41. Re5 Qc4+ 42. Kd2 Be4 43. g4 Qd3+ 44. Ke1 Qe3+ 45. Kf1 Qxf4+ 46. Ke1 Qxe5 0-1

[Event "OP-2011-0-01389"]
[Site "LSS email"]
[Date "2011.01.30"]
[Round "?"]
[White "Shleb, Alex"]
[Black "Zhogov, Yury"]
[Result "1-0"]
[WhiteElo "1595"]
[BlackElo "800"]
[PlyCount "33"]
[EventDate "2011.01.24"]
[EventType "tourn (corr)"]
[EventRounds "4"]
[EventCountry "GER"]
[SourceTitle "Corr 2015"]
[Source "ChessBase"]
[SourceDate "2015.07.17"]
[SourceVersion "1"]
[SourceVersionDate "2015.07.17"]
[SourceQuality "1"]

1. e4 c5 2. Nf3 d6 3. d4 cxd4 4. Nxd4 Nf6 5. Nc3 a6 6. Be3 e6 7. f3 Qc7 8. Qd2 Be7 9. g4 b5 10. g5 Nfd7 11. a4 b4 12. Na2 a5 13. Nb5 Qc6 14. c3 d5 15. cxb4 0-0 16. Rc1 Qb7 17. Rc7 1-0

[Event "CP-2010-P-00054"]
[Site "LSS email"]
[Date "2010.09.28"]
[Round "?"]
[White "Koch, Christian"]
[Black "Shleb, Alex"]
[Result "1/2-1/2"]
[WhiteElo "2180"]
[BlackElo "1632"]
[PlyCount "84"]
[EventDate "2010.10.01"]
[EventType "tourn (corr)"]
[EventRounds "6"]
[EventCountry "GER"]
[SourceTitle "Telechess CBM 147"]
[Source "ChessBase"]
[SourceDate "2012.03.16"]
[SourceVersion "1"]
[SourceVersionDate "2012.03.16"]
[SourceQuality "1"]

1. e4 e5 2. Nf3 Nf6 3. d4 Nxe4 4. Bd3 d5 5. dxe5 Be7 6. 0-0 0-0 7. c4 Nc6 8. Bc2 Be6 9. Qe2 Nc5 10. Rd1 d4 11. Nc3 Bg4 12. Nd5 f6 13. e6 Re8 14. b4 d3 15. Bxd3 Nxd3 16. Qxd3 Bxe6 17. b5 Bxd5 18. cxd5 Ne5 19. Nxe5 fxe5 20. d6 cxd6 21. Qd5+ Kh8 22. Qxb7 a6 23. bxa6 Qc8 24. a4 Rxa6 25. Qb3 Qa8 26. Rd5 Bf6 27. Bb2 Rf8 28. Rb5 h6 29. a5 Qa7 30. Qb4 Bd8 31. Qe1 Qd7 32. Qe2 Qc8 33. Qf1 Rc6 34. Bc1 Rc2 35. Be3 Bg5 36. Bb6 e4 37. Rxg5 hxg5 38. a6 Rc3 39. a7 Qb7 40. Qd1 Rd3 41. Qh5+ Kg8 42. h3 Ra8 1/2-1/2

[Event "CP-2010-P-00054"]
[Site "LSS email"]
[Date "2010.09.28"]
[Round "?"]
[White "Shleb, Alex"]
[Black "Do Amaral, Rogerio Einloft"]
[Result "1/2-1/2"]
[WhiteElo "1632"]
[BlackElo "1803"]
[PlyCount "74"]
[EventDate "2010.10.01"]
[EventType "tourn (corr)"]
[EventRounds "6"]
[EventCountry "GER"]
[SourceTitle "Corr 2013"]
[Source "ChessBase"]
[SourceDate "2012.11.12"]
[SourceVersion "1"]
[SourceVersionDate "2012.11.12"]
[SourceQuality "1"]

1. e4 c6 2. d4 d5 3. Nc3 dxe4 4. Nxe4 Nd7 5. Bc4 Ngf6 6. Ng5 e6 7. Qe2 Nb6 8. Bd3 h6 9. N5f3 c5 10. dxc5 Nbd7 11. Ne5 Nxe5 12. Qxe5 Nd7 13. Qe2 Nxc5 14. Bb5+ Bd7 15. Bxd7+ Qxd7 16. Nf3 Bd6 17. Be3 0-0 18. Rd1 Qc7 19. 0-0 Rad8 20. g3 a6 21. c4 b6 22. Rd2 a5 23. Rfd1 Be7 24. Nd4 Ne4 25. Nb5 Rxd2 26. Rxd2 Qc6 27. Rd1 Ng5 28. Bxg5 hxg5 29. h3 Rd8 30. Rxd8+ Bxd8 31. Qd3 Be7 32. Nc3 f6 33. b3 Bb4 34. Na4 Kf7 35. Qe2 Qb7 36. Qe3 b5 37. Qb6 Qxb6 1/2-1/2

[Event "LSS BI-2010-P-00029"]
[Site "LSS email"]
[Date "2010.04.19"]
[Round "?"]
[White "Shleb, Alex"]
[Black "Wolff, Christoph"]
[Result "1-0"]
[WhiteElo "1579"]
[BlackElo "2064"]
[PlyCount "111"]
[EventDate "2010.04.22"]
[EventType "tourn (corr)"]
[EventRounds "10"]
[EventCountry "GER"]
[SourceTitle "Telechess CBM 145"]
[Source "Chessbase"]
[SourceDate "2011.11.11"]
[SourceVersion "1"]
[SourceVersionDate "2011.11.11"]
[SourceQuality "1"]

1. e4 c5 2. Nf3 e6 3. d4 cxd4 4. Nxd4 Nf6 5. Nc3 d6 6. g4 h6 7. h4 Nc6 8. Rg1 d5 9. Bb5 Bd7 10. exd5 Nxd5 11. Nxd5 exd5 12. Be3 Be7 13. Qd3 Qa5+ 14. c3 0-0-0 15. Nf5 Bf8 16. Bxc6 bxc6 17. h5 Re8 18. a4 g6 19. hxg6 fxg6 20. Nd4 Re4 21. b4 Qc7 22. 0-0-0 h5 23. gxh5 gxh5 24. Rg6 h4 25. b5 cxb5 26. Nxb5 Qc4 27. Qxc4+ Rxc4 28. Bd4 Bf5 29. Rf6 Bd7 30. Rf7 Rg8 31. Be5 Rc5 32. Nxa7+ Kd8 33. Bf6+ Ke8 34. Rh7 Bf5 35. Re1+ Be4 36. Nb5 h3 37. Kd1 Rg1 38. Rxh3 Rxe1+ 39. Kxe1 Rc4 40. f3 Bc2 41. a5 Ra4 42. Nd4 Bd3 43. Nc6 Kf7 44. Bd4 Bd6 45. Be5 Bc5 46. f4 Bb5 47. Nd4 Ra1+ 48. Kf2 Rxa5 49. Kg3 Bd7 50. Rh7+ Ke8 51. Nb3 Rb5 52. Nxc5 Rxc5 53. Kh4 Rb5 54. Kg5 d4 55. cxd4 Be6 56. f5 1-0

[Event "LSS BI-2010-P-00029"]
[Site "LSS email"]
[Date "2010.04.19"]
[Round "?"]
[White "Shleb, Alex"]
[Black "Yehuda, Ben"]
[Result "1/2-1/2"]
[WhiteElo "1579"]
[BlackElo "1612"]
[PlyCount "42"]
[EventDate "2010.04.22"]
[EventType "tourn (corr)"]
[EventRounds "10"]
[EventCountry "GER"]
[SourceTitle "Telechess CBM 145"]
[Source "Chessbase"]
[SourceDate "2011.11.11"]
[SourceVersion "1"]
[SourceVersionDate "2011.11.11"]
[SourceQuality "1"]

1. e4 e5 2. Nf3 Nf6 3. Nxe5 d6 4. Nf3 Nxe4 5. d4 d5 6. Bd3 Nc6 7. 0-0 Be7 8. c4 Nb4 9. Be2 0-0 10. Nc3 Be6 11. Ne5 f6 12. Nf3 f5 13. a3 Nc6 14. Nxd5 Bxd5 15. cxd5 Qxd5 16. Bf4 Bd6 17. Bxd6 Qxd6 18. Rc1 Kh8 19. Bb5 Ne7 20. Re1 Nd5 21. Bd3 Ndf6 1/2-1/2

[Event "LSS BI-2010-P-00029"]
[Site "LSS email"]
[Date "2010.04.19"]
[Round "?"]
[White "Shleb, Alex"]
[Black "Zielinski, Sergej"]
[Result "1/2-1/2"]
[WhiteElo "1579"]
[BlackElo "2055"]
[PlyCount "56"]
[EventDate "2010.04.22"]
[EventType "tourn (corr)"]
[EventRounds "10"]
[EventCountry "GER"]
[SourceTitle "Telechess CBM 145"]
[Source "Chessbase"]
[SourceDate "2011.11.11"]
[SourceVersion "1"]
[SourceVersionDate "2011.11.11"]
[SourceQuality "1"]

1. e4 e5 2. Nf3 Nc6 3. Bb5 a6 4. Ba4 Nf6 5. 0-0 Be7 6. Re1 b5 7. Bb3 d6 8. c3 0-0 9. h3 Na5 10. Bc2 c5 11. d4 Qc7 12. Nbd2 cxd4 13. cxd4 Nc6 14. Nb3 a5 15. Be3 a4 16. Nbd2 Bd7 17. Rc1 Rac8 18. Nf1 Qb8 19. Ng3 Rfe8 20. Bb1 Na5 21. Rxc8 Bxc8 22. Bd3 Bd7 23. Qe2 h6 24. Bd2 Bd8 25. dxe5 dxe5 26. Nh4 Nc4 27. Bc3 Be6 28. Nhf5 g6 1/2-1/2

[Event "LSS SE-2010-0-00042"]
[Site "LSS email"]
[Date "2010.03.24"]
[Round "?"]
[White "Shleb, Alex"]
[Black "Laureles, Raymundo"]
[Result "1-0"]
[WhiteElo "1402"]
[BlackElo "1157"]
[PlyCount "81"]
[EventDate "2010.01.20"]
[EventType "tourn (corr)"]
[EventRounds "6"]
[EventCountry "GER"]
[SourceTitle "Telechess CBM 141"]
[Source "ChessBase"]
[SourceDate "2011.03.17"]
[SourceVersion "1"]
[SourceVersionDate "2011.03.17"]
[SourceQuality "1"]

1. e4 e6 2. d4 d5 3. e5 c5 4. c3 Nc6 5. Nf3 Qb6 6. Be2 Bd7 7. 0-0 Rc8 8. dxc5 Bxc5 9. b4 Bf8 10. a4 Nge7 11. a5 Qc7 12. Be3 Nxe5 13. Bxa7 Nxf3+ 14. Bxf3 Bb5 15. Re1 Qf4 16. Na3 Ba6 17. b5 Rxc3 18. bxa6 bxa6 19. Be3 Qd6 20. Qa4+ Qd7 21. Qxd7+ Kxd7 22. Rec1 Rxc1+ 23. Rxc1 Nc6 24. Nc4 Bb4 25. Bf4 dxc4 26. Rxc4 Bxa5 27. Rxc6 f6 28. Rxa6 e5 29. Rxa5 exf4 30. Ra7+ Ke6 31. Rxg7 Rb8 32. h4 h6 33. Rh7 Rb1+ 34. Kh2 Rf1 35. Rxh6 Rxf2 36. Kh3 Ke5 37. h5 Kf5 38. Rh8 Kg5 39. Rg8+ Kh6 40. Rg6+ Kh7 41. Rxf6 1-0

[Event "LSS SE-2009-0-00036"]
[Site "LSS email"]
[Date "2010.01.01"]
[Round "?"]
[White "Klapp, Ulrich"]
[Black "Shleb, Alex"]
[Result "0-1"]
[WhiteElo "1276"]
[BlackElo "1490"]
[PlyCount "56"]
[EventDate "2009.11.06"]
[EventType "tourn (corr)"]
[EventRounds "6"]
[EventCountry "GER"]
[SourceTitle "Corr 2013"]
[Source "ChessBase"]
[SourceDate "2012.11.12"]
[SourceVersion "1"]
[SourceVersionDate "2012.11.12"]
[SourceQuality "1"]
[WhiteTeam "US of America"]
[BlackTeam "US of America"]
[WhiteTeamCountry "USA"]
[BlackTeamCountry "USA"]

1. e4 e5 2. f4 exf4 3. Nf3 d6 4. Bc4 h6 5. h4 Bg4 6. d4 Be7 7. Bxf4 Bxh4+ 8. g3 Bf6 9. Qd3 Nc6 10. Nbd2 Qd7 11. 0-0-0 0-0-0 12. Rde1 Kb8 13. a3 a6 14. d5 Ne5 15. Bxe5 Bxe5 16. Nxe5 dxe5 17. Rhf1 f6 18. Nb3 b5 19. Nc5 Qd6 20. Nxa6+ Qxa6 21. Bxb5 Qb7 22. a4 Ne7 23. Qc4 Rd6 24. Qc5 Rhd8 25. Kb1 c6 26. Bc4 cxd5 27. exd5 Nxd5 28. b3 Nc3+ 0-1

[Event "LSS OP-2009-0-00891"]
[Site "LSS email"]
[Date "2009.07.02"]
[Round "?"]
[White "Shleb, Alex"]
[Black "Vieito Ribelles, Ariadna"]
[Result "1-0"]
[WhiteElo "1284"]
[BlackElo "800"]
[PlyCount "105"]
[EventDate "2009.06.27"]
[EventType "tourn (corr)"]
[EventRounds "4"]
[EventCountry "GER"]
[SourceTitle "Telechess CBM 137"]
[Source "ChessBase"]
[SourceDate "2010.07.15"]
[SourceVersion "1"]
[SourceVersionDate "2010.07.15"]
[SourceQuality "1"]

1. e4 e5 2. Nf3 Nc6 3. Bb5 a6 4. Ba4 Nf6 5. 0-0 Nxe4 6. d4 b5 7. Bb3 d5 8. dxe5 Be6 9. Nbd2 Nc5 10. c3 Bg4 11. Bc2 Be7 12. Re1 0-0 13. Nb3 Ne6 14. h3 Bh5 15. Bf5 Re8 16. Qd3 Bxf3 17. Qxf3 g6 18. Bg4 Ng5 19. Bxg5 Bxg5 20. Qg3 Qe7 21. e6 f5 22. Bf3 Rad8 23. Rad1 Bh4 24. Qf4 Bg5 25. Qh2 Rd6 26. Kf1 Nd8 27. Bxd5 f4 28. h4 Bxh4 29. Na5 c6 30. Bb3 Bg5 31. Rxd6 Qxd6 32. e7+ Kg7 33. exd8Q Rxe1+ 34. Kxe1 Bxd8 35. Nxc6 Qxc6 36. Qxf4 Qf6 37. Qd2 Bb6 38. Kf1 h5 39. a3 h4 40. Qd7+ Kh6 41. Qf7 Kg5 42. Qxf6+ Kxf6 43. Bd5 Ke5 44. Bb7 a5 45. Bc6 b4 46. axb4 axb4 47. cxb4 Kd4 48. Bb5 g5 49. Ke2 g4 50. g3 hxg3 51. fxg3 Bc7 52. Kf2 Bd6 53. Be2 1-0

[Event "LSS OP-2009-0-00891"]
[Site "LSS email"]
[Date "2009.07.02"]
[Round "?"]
[White "Tobler, Peter"]
[Black "Shleb, Alex"]
[Result "1-0"]
[WhiteElo "1725"]
[BlackElo "1251"]
[PlyCount "127"]
[EventDate "2009.06.27"]
[EventType "tourn (corr)"]
[EventRounds "4"]
[EventCountry "GER"]
[SourceTitle "Telechess CBM 137"]
[Source "ChessBase"]
[SourceDate "2010.07.15"]
[SourceVersion "1"]
[SourceVersionDate "2010.07.15"]
[SourceQuality "1"]

1. e4 e5 2. Nf3 Nf6 3. Nxe5 d6 4. Nf3 Nxe4 5. d4 d5 6. Bd3 Nc6 7. 0-0 Be7 8. Re1 Bg4 9. c4 Nf6 10. Nc3 Bxf3 11. Qxf3 Nxd4 12. Qd1 dxc4 13. Bxc4 Nc6 14. Qb3 0-0 15. Qxb7 Na5 16. Qa6 Nxc4 17. Qxc4 Rb8 18. b3 Rb4 19. Qe2 Re8 20. Bg5 Rb8 21. Qc4 Rb4 22. Qc6 Rb6 23. Qa4 Qb8 24. Bxf6 Rxf6 25. Nd5 Re6 26. Rxe6 fxe6 27. Nxe7+ Rxe7 28. Rc1 Rf7 29. Re1 Re7 30. Qc6 Qb6 31. Qa8+ Kf7 32. Re4 Qd6 33. h3 c6 34. Qh8 h6 35. Rg4 Qe5 36. g3 Re8 37. Qh7 Rf8 38. Re4 Qa1+ 39. Kg2 Qc3 40. Rg4 Ke8 41. Qe4 Kd8 42. Qe2 Rf5 43. Rc4 Qe5 44. Qxe5 Rxe5 45. Rxc6 a5 46. a4 g5 47. g4 Ke7 48. Rc7+ Kf6 49. Rh7 Kg6 50. Rb7 Kf6 51. Rb5 Rd5 52. Rxd5 exd5 53. Kf3 Ke6 54. Ke3 Ke5 55. Kd2 Kd6 56. Kd3 Kc5 57. Kc3 d4+ 58. Kd3 Kb4 59. Kxd4 Kxb3 60. f4 gxf4 61. h4 f3 62. Ke3 f2 63. Kxf2 Kxa4 64. g5 1-0

[Event "LSS SN-2009-0-00155"]
[Site "LSS email"]
[Date "2009.05.25"]
[Round "?"]
[White "Shleb, Alex"]
[Black "Vontina, Maria"]
[Result "1-0"]
[WhiteElo "800"]
[BlackElo "605"]
[PlyCount "63"]
[EventDate "2009.04.28"]
[EventType "tourn (corr)"]
[EventRounds "6"]
[EventCountry "GER"]
[SourceTitle "Corr 2011"]
[Source "ChessBase"]
[SourceDate "2010.08.31"]
[SourceVersion "1"]
[SourceVersionDate "2010.08.31"]
[SourceQuality "1"]

1. e4 c5 2. Nf3 d6 3. d4 cxd4 4. Nxd4 Nf6 5. Nc3 g6 6. Bb5+ Nbd7 7. 0-0 Bg7 8. Bg5 0-0 9. Qd2 a6 10. Be2 Nc5 11. Bf3 Bd7 12. Rfe1 Rc8 13. e5 dxe5 14. Rxe5 e6 15. Rb1 Qc7 16. Ree1 b5 17. Bf4 Qd8 18. a3 Qb6 19. Be3 Rfd8 20. b4 Na4 21. Nxa4 Qb8 22. Nc5 Be8 23. Bf4 Qa7 24. c3 Nd5 25. Ncxe6 fxe6 26. Nxe6 Rd7 27. Bxd5 Kh8 28. Nxg7 Kxg7 29. Be5+ Kf8 30. Qh6+ Ke7 31. Qxh7+ Kd8 32. Qh4+ 1-0

[Event "LSS ZN-2009-0-00613"]
[Site "LSS email"]
[Date "2009.05.22"]
[Round "?"]
[White "Shleb, Alex"]
[Black "Checa, Nicholas de T"]
[Result "1-0"]
[WhiteElo "1519"]
[BlackElo "1286"]
[PlyCount "29"]
[EventDate "2009.05.18"]
[EventType "match (corr)"]
[EventRounds "2"]
[EventCountry "GER"]
[SourceTitle "Corr 2013"]
[Source "ChessBase"]
[SourceDate "2012.11.12"]
[SourceVersion "1"]
[SourceVersionDate "2012.11.12"]
[SourceQuality "1"]

1. e4 c5 2. Nf3 Nc6 3. d4 cxd4 4. Nxd4 Nf6 5. Nc3 g6 6. Be3 Bg7 7. Bc4 0-0 8. Bb3 e5 9. Ndb5 a6 10. Nd6 Nb4 11. a3 Nc6 12. 0-0 Ne8 13. Bxf7+ Kh8 14. Bxe8 Rxe8 15. Nf7+ 1-0